Investičná stránka hospodárskeho rastu v slovenskom hospodárstve
Investičná stránka hospodárskeho rastu v slovenskej ekonomike a vo vyspelých európskych krajinách. Perspektíva rastúceho významu akumulácie ľudského kapitálu pre vyššie fázy hospodárskeho rozvoja Slovenska. Tvorba kapitálu a štruktúra investícií v slovenskom hospodárstve. Odvetvová štruktúra investí...
Saved in:
| Main Author: | |
|---|---|
| Format: | Book Chapter |
| Language: | Slovak |
| Subjects: | |
| Tags: |
No Tags, Be the first to tag this record!
|
MARC
| LEADER | 00000nla$a2200000$$$4500 | ||
|---|---|---|---|
| 001 | 0080340 | ||
| 005 | 20220913104829.0 | ||
| 041 | 0 | |a slo | |
| 044 | |a SK | ||
| 245 | 1 | 0 | |a Investičná stránka hospodárskeho rastu v slovenskom hospodárstve |c Ivan Okáli |
| 520 | |a Investičná stránka hospodárskeho rastu v slovenskej ekonomike a vo vyspelých európskych krajinách. Perspektíva rastúceho významu akumulácie ľudského kapitálu pre vyššie fázy hospodárskeho rozvoja Slovenska. Tvorba kapitálu a štruktúra investícií v slovenskom hospodárstve. Odvetvová štruktúra investícií. | ||
| 610 | 2 | 0 | |a Slovensko |
| 610 | 2 | 0 | |a rozvoj hospodársky |
| 610 | 2 | 0 | |a kapitál ľudský |
| 610 | 2 | 0 | |a inovácia |
| 610 | 2 | 0 | |a výkonnosť ekonomiky |
| 610 | 2 | 0 | |a investície |
| 100 | 1 | |a Okáli, Ivan | |